000 01050nam a2200349 i 4500
003 EG-GICUC
005 20260420111706.0
008 260420s1978 |||frb||| 001 0 eng d
020 _a0397473842
040 _aEG-GiCUC
_beng
_cEG-GiCUC
_dEG-GiCUC
_erda
041 _aeng
082 0 4 _221
_a343.6
_bSU . C
092 0 4 _221
099 _aLaw1 10 343.6 SU . C 10 . ed 1978
100 1 _aSutherland, Edwin Hardin
_eAuthor.
245 1 0 _aCriminology /
_cby Edwin H. Sutherland and Donald R. Cressey.
250 _aTenth Edition.
264 1 _aPhiladelphia :
_bLippincott,
_c1978.
300 _a715 pages ;
_c24 cm
336 _2rda content
_atext
337 _2rda media
_aComputer
338 _2rda carrier
_aOnline Resource
500 _aincludes indexs
500 _aIncludes bibliographies
504 _aBibliography: pages 200-250.
546 _a Text in Italian
650 1 4 _aCriminology
_2qrmak
651 1 _2qrmak
856 4 0 _uhttps://fll.law.cu.edu.eg/fulltext/bks/B10-10647.pdf
905 _a161
942 _2ddc
_cBK
_e21
_n0
999 _c72082
_d72082